000 00249nam a2200097Ia 4500
008 220120s9999||||xx |||||||||||||| ||und||
100 _aSiddarthan, P
_911414
245 0 _aInvention that changed the world
260 _bNew Delhi
300 _a146p.
_b100
999 _c136335
_d136335